Österreich nach Buchstabe - U/Ü - Statistiken

Allgemein
  • Dieses Quiz wurde 45 mal gespielt
  • Das Durchschnittsergebnis liegt bei 8 aus 20
Antwortstatistiken
Hinweis Antwort % Korrekt
Wahrzeichen von Graz, am Schlossberg Uhrturm
77%
Anerkannte Minderheitensprache im Burgenland Ungarisch
77%
Ortsteil von Wien (7. Bezirk), in dem Johann Strauss (Sohn) geboren wurde: Sankt ______ Ulrich
63%
Weinsorte, die zeitweise verboten war Uhudler
60%
Stadtteil von Linz mit angrenzedem, gleichnamigem Bezirk (-Umgebung) Urfahr
60%
Dokuserie, die seit 1987 dienstags zur Primetime auf ORF2 gesendet wird Universum
57%
Berühmtes Szenelokal in Wien (in "Fürstenfeld" von S.T.S. erwähnt) U4
53%
Umgangssprachlich für eine unangenehme Person Ungustl
53%
Umgangssprachlicher Name des Vienna International Centre, Sitz diverser internationaler Organisationen UNO-City
53%
Region Tirols mit den Bezirken Schwaz, Kufstein, Kitzbühel Unterland
50%
Volksbildungshaus mit Sternwarte in Wien Urania
43%
Älteste Druckerei und umsatzstärkster Sachbuchverlag Ueberreuter
27%
In diesem Berg an der deutschen Grenze schläft einer Sage zufolge ein Kaiser bis zur Auferstehung Untersberg
27%
Ortsteil von Wien (13. Bezirk) mit der Klimt-Villa Unter-St.-Veit
27%
Tiroler Gemeinde mit dem Ötzi-Dorf und dem höchsten Wasserfall Tirols, durch die jährlich ein Lärchenstamm gezogen wird Umhausen
23%
Gemeinde am Attersee, wo Gustav Klimt diverse Landschaftsgemälde malte Unterach
23%
Fluss in Amstetten Url
17%
Schlucht im Bregenzerwald, Europaschutzgebiet Üble Schlucht
13%
Eishockey-Rekordnationalspieler Unterluggauer
13%
Gemeinde in Salzburg mit dem Schloss Moosham und jährlichem Samsonumzug Unternberg
13%
Keine übereinstimmenden Quizze gefunden
Verteilung der Resultate
Anzahl Personen mit jedem Resultat
Perzentil nach korrekt beantworteten Fragen
Ihre Resultats-Entwicklung
Sie haben dieses Quiz noch nicht gespielt